| 000 | 00790nam a2200253 a 4500 | ||
|---|---|---|---|
| 008 | |||
| 020 | _a0471547417 (pbk.) | ||
| 049 | _aMAIN | ||
| 090 |
_aQD251.2 _bSOL |
||
| 100 | 1 | _aSolomons, T. W. Graham. | |
| 245 | 1 | 0 |
_aStudy guide and solutions manual to accompany Organic chemistry / _cT.W. Graham Solomons and Jack E. Fernandez. |
| 250 | _a5th ed. | ||
| 260 |
_aNew York : _bWiley, _cc1992. |
||
| 300 |
_axv, 656 p. : _bill. ; _c26 cm. |
||
| 650 | 0 |
_aChemistry, Organic _xProblems, exercises,. |
|
| 700 | 1 | _aFernandez, Jack E. | |
| 700 | 1 | _aSolomons, T. W. Graham. | |
| 740 | 0 | _aOrganic chemistry. | |
| 907 |
_a.b10220483 _b15-02-12 _c22-11-06 |
||
| 003 | |||
| 005 | 20230123134307.0 | ||
| 040 | _cNUST | ||
| 942 |
_cBOOKS _kQD251.2 _mSOL |
||
| 999 |
_c163396 _d163396 |
||